|
|
|
|
| LEADER |
00000nab a2200000 a 4500 |
| 001 |
vtls000261045 |
| 003 |
SK-MaSNL |
| 005 |
20260304065811.0 |
| 008 |
250422c1986 xo 0 slo |
| 015 |
|
|
|a SNBRB19rr/mm-uuuuu
|
| 035 |
|
|
|a CL0271159
|
| 035 |
|
|
|a urn:nbn:sk:snk-ab6qn
|
| 035 |
|
|
|a (urnnbn)urn:nbn:sk:snk:ar-a03lwc
|
| 035 |
|
|
|a (uuid)8397ed7a-128b-4f53-9331-aa67397b0e03
|
| 040 |
|
|
|a SNKBUCL
|b slo
|c SNKBUCL
|e AACR2
|
| 041 |
0 |
|
|a slo
|
| 044 |
|
|
|a xo
|c SK
|
| 080 |
|
|
|a 612.7:612.15:616-072.7:796.077
|2 1981
|
| 080 |
|
|
|a 612.15
|2 1981
|
| 080 |
|
|
|a 616-072.7
|2 1981
|
| 080 |
|
|
|a 796.077
|2 1981
|
| 080 |
|
|
|a 616.072.7
|2 1981
|
| 100 |
1 |
|
|a Kellerová, Eva,
|d 1932-
|4 aut
|9 39831
|
| 245 |
1 |
0 |
|a Krvný prietok predlaktím a predkolením u vrcholových športovcov v pokoji a v priebehu vazomotorických reakcií
|c Eva Kellerová, Daniela Andrásyová, Vojtech Štulrajter
|
| 300 |
|
|
|b Obr. 3. Res. rus., angl., nem., lit. 11 zázn. v češ., angl.
|
| 650 |
0 |
7 |
|a predlaktie
|2 snkbucl
|9 50861
|
| 650 |
0 |
7 |
|a predkolenie
|2 snkbucl
|9 708933
|
| 650 |
0 |
7 |
|a prietok krvi
|2 snkbucl
|9 1355200
|
| 655 |
|
7 |
|a články z novín a časopisov
|2 snkbucl
|9 267496
|
| 700 |
1 |
|
|a Andrásyová, Daniela
|4 aut
|9 1355201
|
| 700 |
1 |
|
|a Štulrajter, Vojtech,
|d 1936-2010
|4 aut
|9 198084
|
| 773 |
0 |
|
|t Bratislavské lekárske listy
|g Roč. 86, č. 2 (1986), s. 151-159
|
| 850 |
|
|
|a Slovenská národná knižnica
|
| 852 |
|
|
|a Slovenská národná knižnica
|
| 954 |
|
|
|a odborná, vedecká literatúra pôvodná (slovenská)
|2 lita
|
| 958 |
|
|
|a article27
|
| 958 |
|
|
|a NB
|
| 958 |
|
|
|a RK
|
| 958 |
|
|
|a MI
|
| 958 |
|
|
|a OND
|
| 958 |
|
|
|a EUIPO
|
| 992 |
|
|
|a RBX
|
| 999 |
|
|
|c 2752613
|d 2754543
|